000 00647nam a2200205Ia 4500
001 16775
003 GE_BSU
008 181216s||||||||xx |||||||||||||| ||und||
040 _cGE_BSU
080 _a821.353.1-11
100 _aვარშანიძე, მამია
245 _aლირიკა: ლირიკული პოემები.
245 _cრედ.ა.ახვლედიანი
260 _aბათუმი
260 _bსაბჭ. აჭარა
260 _c1976
300 _a351გვ. ; 20სმ.
653 _aლირიკა : ლირიკული პოემები
942 _cBK
999 _c49840
_d49840